| 000 | 00974nas a2200313 4500 | ||
|---|---|---|---|
| 001 | BR0501880 | ||
| 003 | BR-BrBNA | ||
| 005 | 20231205105237.0 | ||
| 007 | ta | ||
| 008 | 230509b bl.|||p| |||| 00| 00por d | ||
| 040 |
_aBR-BrBNA _bpor _cBiblioteca Nacional de Agricultura |
||
| 041 | _a(Pt) | ||
| 072 | _aJ11 | ||
| 100 | 1 | _aLunardi, R. | |
| 100 | 1 | _aBrackmann, A. | |
| 100 | 1 | _aMello, A.M. de | |
| 100 | 1 | _aFreitas, S.T. de | |
| 100 | 1 | _aZanatta, J.F. | |
| 100 | 1 | _aRombaldi, C.V. | |
| 245 | 1 | _aSuculência e solubilização de pectinas de maçãs "Gala" submetidas a diferentes tempos de resfriamento e aplicação de 1-MCP | |
| 650 | _aMALUS DOMESTICA | ||
| 650 | _aPECTINA | ||
| 650 | _aRESFRIAMENTO | ||
| 650 | _aARMAZENAMENTO DE ALIMENTO | ||
| 650 | _aQUALIDADE | ||
| 773 | 0 |
_tCiência e Agrotecnologia (Brazil) _xISSN 1413-7054 _g(Jul-Aug 2004), v. 28(4) p. 871-877 _wBR0501880 |
|
| 909 |
_a202311 _bLúcia _c55 _dLúcia Elande |
||
| 942 |
_2AGRIS _n0 _cANA |
||
| 999 |
_c181954 _d181954 |
||